KOHA-Header-6

International Bhurban Conference on Applied Science and Technology (Record no. 8423)

000 -LEADER
fixed length control field 00298nam a2200109Ia 4500
100 ## - MAIN ENTRY--AUTHOR NAME
Personal name Munir ,Arshad
245 #0 - TITLE STATEMENT
Title International Bhurban Conference on Applied Science and Technology
260 ## - PUBLICATION, DISTRIBUTION, ETC. (IMPRINT)
Place of publication USA
Name of publisher McGraw Hill
Year of publication 1998
300 ## - PHYSICAL DESCRIPTION
Number of Pages 218
942 ## - ADDED ENTRY ELEMENTS (KOHA)
Koha item type Books
Holdings
Withdrawn status Lost status Collection code Permanent Location Current Location Shelving location Date acquired Full call number Accession Number Koha item type
    Dictionaries MAJU MAJU Shelf No.B28 2019-09-14 346.7 3128 DICTIONARY

Powered by Koha